000 00319nam a22001337a 4500
008 180814b xxu||||| |||| 00| 0 eng d
020 _a9780815112518
041 _aeng
080 _a616.0532
100 _a8
101 _aPED
245 _aPALS PEDIATRIC ADVANCES LIFE STUDY GUIDE
_cACHLERT.B
942 _2udc
_cBK
999 _c47165
_d47165